000 00600nam a2200181Ia 4500
008 100917s9999 xx 000 0 und d
082 _b41006
100 _aकोगेकर ना. वा.
245 _aबहुरंगी विज्ञान भा 1
260 _bअनिरूध्द साहित्य
_c1978
300 _a79
365 _b5
520 _aबालविभाग
630 _aबहुरंगी विज्ञान भा 1
650 _aबालविभाग
730 _aबहुरंगी विज्ञान भा 1
942 _cBOOK
999 _c646400
_d646397